| 000 -LEADER |
| fixed length control field |
01189nam a2200229Ia 4500 |
| 001 - CONTROL NUMBER |
| control field |
10489 |
| 003 - CONTROL NUMBER IDENTIFIER |
| control field |
GE_BSU |
| 008 - FIXED-LENGTH DATA ELEMENTS--GENERAL INFORMATION |
| fixed length control field |
181216s||||||||xx |||||||||||||| ||und|| |
| 040 ## - CATALOGING SOURCE |
| Transcribing agency |
GE_BSU |
| 080 ## - UNIVERSAL DECIMAL CLASSIFICATION NUMBER |
| Universal Decimal Classification number |
821.353.1-1 |
| 100 ## - MAIN ENTRY--PERSONAL NAME |
| Personal name |
ჭავჭავაძე,ილია |
| 245 ## - TITLE STATEMENT |
| Title |
ქართული პოეზია. 15 ტომად:ტ.6.ალ. ჭავჭავაძე;გრ.ორბელიანი;ნიკოლოზ ბარათაშვილი |
| 245 ## - TITLE STATEMENT |
| Statement of responsibility, etc. |
სარედ. კოლ.: გრ. აბაშიძე, ან. კალანდაძე, მ. ლებანიძე და სხვ.ტომი შეადგ.სარგის ცაიშვილმა.მხატვ.დ.დუნდუა.რედ ა. ბრეგაძე |
| 260 ## - PUBLICATION, DISTRIBUTION, ETC. |
| Place of publication, distribution, etc. |
თბილისი |
| 260 ## - PUBLICATION, DISTRIBUTION, ETC. |
| Name of publisher, distributor, etc. |
ნაკადული |
| 260 ## - PUBLICATION, DISTRIBUTION, ETC. |
| Date of publication, distribution, etc. |
1975 |
| 300 ## - PHYSICAL DESCRIPTION |
| Extent |
341გვ.18სმ. |
| 300 ## - PHYSICAL DESCRIPTION |
| Dimensions |
ლექსიკონი გვ.312-333 |
| 653 ## - INDEX TERM--UNCONTROLLED |
| Uncontrolled term |
ალ. ჭავჭავაძე;გრ.ორბელიანი;ნიკოლოზ ბარათაშვილი |
| 653 ## - INDEX TERM--UNCONTROLLED |
| Uncontrolled term |
ქართული პოეზია |
| 942 ## - ADDED ENTRY ELEMENTS (KOHA) |
| Koha item type |
წიგნი |